000 00279nam a22001097a 4500
082 _a910
100 _aPratiyogita Darpan
_9167
245 _aGeneral Studies Geography ( India & World )
260 _aAgra
_bPratiyogita Darpan
_c2017
650 _aGeography
942 _cC. BOOKS
999 _c66967
_d66967